1371 1878 1706 1324 1149 1309 1485 1037 1694 1260 1262 1376 1085 1018 1989 1965 1565 1335 1222 1908 1931 1199 1527 1198 1016 1609 1276 1058 1194 1241 1827 1544 1048 1663 1538 1643 1787 1884 1079 1535 1541 1374 1127 1178 1510 1506 1626 1728 1930 1946 1962 1936 1430 1062 1902 1605 1741 1259 1413 1191 1858 1259 1748 1157 1378 1144 1691 1087 1899 1631 1747 1242 1215 1357 1939 1551 1246 1279 1798 1671 1540 1515 1895 1351 1752 1594 1218 1988 1338 1061 1894 1073 1422 1134 1790 1395 1620 1560 1512 BCNSPRNW ULIB Ver.6.0+V

เปลี่ยนเป็นภาษาไทย

Change to English
 แสดงรายละเอียดบรรณานุกรม
  กลับหน้าหลัก

Brief Record : Get Marc (ISO 2709) : E-mail record : QR code < ปิดหน้าต่าง
LEADER : 00000nas 2200000uu 4500
001    13399126220
003     ULIB
008    180803s||||||||th 000 0 tha d
022    ^a2630046x
110    ^aวิทยาลัยพยาบาลพระจอมเกล้า จังหวัดเพชรบุรี
245    ^aวารสารวิทยาลัยพยาบาลพระจอมเกล้า จังหวัดเพชรบุรี
260    ^aเพชรบุรี :^bวิทยาลัยพยาบาลพระจอมเกล้า จังหวัดเพชรบุรี,^c2561
310    ^aรายสี่เดือน
850 ^a ULIB^bปีที่ 1 ฉบับที่ 1 ฉ.1
945    ^p0^l0^i904963
999    ^aประนอม เกษจรัล
รายการนี้ยังไม่มีแท็ก
คุณยังไม่ได้ล็อกอิน คุณสามารถมีกิจกรรมร่วมกับเว็บไซต์ได้ แต่ต้องล็อกอินก่อน ::
  ล็อกอิน

รายการสื่อสารสนเทศ (วารสาร)

ดูแบบ: กล่อง รายการ
ARRIVED
ปีที่ 1 ฉบับที่ 1 ฉ.1
สถานที่: ห้องสมุดวิทยาเขตสวรรค์ประชารักษ์ >วารสาร

BibComment


ยังไม่เคยถูกคอมเมนท์

คอมเมนท์ทรัพยากรรายการนี้
  คอมเมนท์: วารสารวิทยาลัยพย..


 Copyright 2026. Bcnsprnw @Library